000 00333nam a2200145Ia 4500
003 Ost
005 20260225132554.0
008 260225s9999||||xx |||||||||||||| ||und||
040 _cfsic
041 _afre
082 _a440
245 0 _aLes Cahiers du journalisme :
245 0 _bfait divers faits de société /
942 _cكتاب
999 _c34339
_d34339